U.S. States Flags (+Twist) - Sudden Death #3 - Statistics

General Stats
  • This quiz has been taken 17 times
  • The average score is 8 of 24
Answers on the Grid
Answers color-coded by a green-red scale on the quiz's grid according to % correct below.
Alabama
Alaska
Arizona
Arkansas
California
Colorado
Connecticut
Delaware
Florida
Georgia
Hawaii
Idaho
Illinois
Indiana
Iowa
Kansas
Kentucky
Louisiana
Maine
Maryland
Massachusetts
Michigan
Minnesota
Mississippi
Missouri
Montana
Nebraska
Nevada
New Hampshire
New Jersey
New Mexico
New York
North Carolina
North Dakota
Ohio
Oklahoma
Oregon
Pennsylvania
Rhode Island
South Carolina
South Dakota
Tennessee
Texas
Utah
Vermont
Virginia
Washington
West Virginia
Wisconsin
Wyoming
 
Answer Stats
Answer % Correct
Alabama
75%
Alaska
75%
Arizona
75%
Arkansas
75%
Colorado
50%
South Carolina
50%
Georgia
25%
Hawaii
25%
Indiana
25%
Maryland
25%
Massachusetts
25%
Minnesota
25%
Mississippi
25%
Nebraska
25%
New Mexico
25%
North Carolina
25%
Ohio
25%
Oregon
25%
Rhode Island
25%
Tennessee
25%
Texas
25%
Wyoming
25%
Iowa
0%
Utah
0%
No matching quizzes found
Score Distribution
Percent of People with Each Score
Percentile by Number Answered
Your Score History
You have not taken this quiz